Najvýznamnejšie medzinárodné ekonomické organizácie 21. storočia diplomová práca

Salvato in:
Dettagli Bibliografici
Autore principale: Pavčová, Monika
Ente Autore: Obchodná fakulta EU. Katedra medzinárodného obchodu
Altri autori: Sopková, Gabriela
Natura: Libro
Lingua:slovacco
Pubblicazione: Bratislava 2017
Tags: Aggiungi Tag
Nessun Tag, puoi essere il primo ad aggiungerne!!

MARC

LEADER 00000nbm a2200000 4500
001 0230632
005 20170927112538.6
041 0 |a slo 
044 |a SK 
245 1 0 |a Najvýznamnejšie medzinárodné ekonomické organizácie 21. storočia  |b diplomová práca  |c Monika Pavčová ; školiteľ: Gabriela Sopková 
264 1 |a Bratislava  |c 2017 
300 |a 72 s. 
100 1 |a Pavčová, Monika 
700 1 |a Sopková, Gabriela 
710 2 |a Obchodná fakulta EU. Katedra medzinárodného obchodu